The Complete Stax/Volt singles, 1959-1968. Volume 8.

Bibliographic Details
Format: CD Audio
Language:English
Published: New York : Atlantic Group, [1991]
Subjects:

MARC

Tag First Indicator Second Indicator Subfields
LEADER 00000cjm a2200000 a 4500
001 in00001404952
005 20151020064057.0
007 sd fungnn|||ee
008 910808r19911967nyumun eng d
028 0 0 |a 82218-2  |b Atlantic Group 
028 0 0 |a 7 82218-2  |b Atlantic Group 
035 |a (OCoLC)24203147 
035 |9 AHP4460AM 
040 |a TLM  |c TLM  |d VRU  |d TXA  |d UtOrBLW 
049 |a TXAV 
090 |a M1630.18  |b .C66 1991 v.8 
092 |a POP/ROCK  |b Coll 
245 0 4 |a The Complete Stax/Volt singles, 1959-1968.  |n Volume 8. 
264 1 |a New York :  |b Atlantic Group,  |c [1991] 
264 4 |c ℗1991 
300 |a 1 sound disc :  |b digital ;  |c 4 3/4 in. 
336 |a performed music  |b prm  |2 rdacontent 
337 |a audio  |b s  |2 rdamedia 
338 |a audio disc  |b sd  |2 rdacarrier 
500 |a Compact disc. 
500 |a Atlantic Group: 82218-2 (container: 7 82218-2). 
511 0 |a Various performers. 
500 |a Booklet containing historical notes by Rob Bowman and Steve Greenberg and details of the recordings (64 pages : ill., ports. ; 28 x 28 cm) in box. 
505 0 |a My inspiration (Mad Lads) -- Love sickness (Sir Mack Rice) -- Sophisticated sissy (Rufus Thomas) -- I'll always have faith in you (Carla Thomas) -- How can you mistreat the one you love (Jeanne & the Darlings) -- Love is a doggone good thing (Eddie Floyd) -- Groovin' ; Slim Jenkin's place (Booker T. & the MGs) -- Glory of love (Otis Redding) -- I'm a big girl now ; Wait you dog (Mable John) -- You can't get away from it (Johnnie Taylor) -- Eloise (hang on in there) (William Bell) -- Knock on wood (Otis & Carla) -- I'm glad to do it ; Double up (C.L. Blast) -- You can't run away from your heart (Judy Clay) -- I'll gladly take you back (Charmels) -- Soul man (Sam & Dave) -- Daddy didn't tell me (Astors) -- Give everybody some (Bar-Kays) -- On a Saturday night (Eddie Floyd) -- Don't hit me no more (Mable John) -- Somebody's sleeping in my bed (Johnnie Taylor) -- Winter snow (Booker T. & the MGs) -- Everyday will be like a holiday (William Bell) -- What'll I do for satisfaction (Johnny Daye) -- Pick up the pieces (Carla Thomas) 
500 |a Sound recording. 
650 0 |a Popular music  |y 1961-1970. 
650 0 |a Soul music  |y 1961-1970. 
948 |a c:jlg 
999 |a MARS 
999 f f |s bf1e1301-23a1-3b00-bfc1-459453c54fb0  |i 9ddfd5ee-d917-3cd8-9ade-e54db73e2419  |t 0 
952 f f |p ric  |a Texas A&M University  |b Rellis Campus  |c Joint Library Facility  |d Remote Storage  |t 0  |e M1630.18.C66 1991 v.8  |h Library of Congress classification  |i audio -- audio disc  |m A14822463205 
952 f f |p ric  |a Texas A&M University  |b Rellis Campus  |c Joint Library Facility  |d Remote Storage  |t 0  |e M1630.18 .C66 1991 v.8  |h Library of Congress classification  |i audio -- audio disc  |m A14830424972 
998 f f |a M1630.18 .C66 1991 v.8  |t 0  |l Remote Storage 
998 f f |a M1630.18.C66 1991 v.8  |t 0  |l Remote Storage